000 00293nam a22001337a 4500
008 171027b xxu||||| |||| 00| 0 eng d
020 _a0932500846
041 _aeng
080 _22ND
_a336
100 _a55
101 _aMEN
245 _aFINANCIAL MANAGEMENT
_cNEUMANN,B.R
942 _2udc
_cBK
999 _c36061
_d36061